000 00673nam a2200217 u 4500
005 20210223131926.0
008 121112s2005 ag r 000 0 spa d
020 _a9502314786
035 _aUPN01000188445
049 _aI
050 4 _aQB801.7
_bG3.6
100 1 _aGangui, Alejandro,
_d1964-
_932970
245 1 1 _a¿Quieres saber qué son las estrellas? /
_cAlejandro Gangui ; il. Viviana Bilotti.
260 _aBuenos Aires :
_bEudeba,
_cc2005.
300 _a[28] p. :
_bil. col.
440 0 _a¿Quieres saber?
650 4 _aESTRELLAS -
_vLITERATURA JUVENIL
_917895
650 4 _aASTRONOMIA -
_vLITERATURA INFANTIL
_911353
905 _aInfantil
999 _c160548
_d160548